[Event "24th ch-EUR Indiv w 2024"]
[Site "Rhodes GRE"]
[Date "2024.04.22"]
[Round "4.11"]
[White "Milliet, Sophie"]
[Black "Antolak, Julia"]
[Result "1-0"]
[WhiteTitle "IM"]
[BlackTitle "WGM"]
[WhiteElo "2392"]
[BlackElo "2309"]
[WhiteFideId "623725"]
[BlackFideId "1159569"]
[EventDate "2024.04.19"]

1. d4 Nf6 2. c4 g6 3. Nc3 d5 4. cxd5 Nxd5 5. e4 Nxc3 6. bxc3 Bg7 7. Nf3 c5 8.
Bb5+ Nc6 9. d5 Qa5 10. Rb1 Bxc3+ 11. Bd2 a6 12. Bxc6+ bxc6 13. O-O Bxd2 14. Nxd2
cxd5 15. Nb3 Qd8 16. exd5 O-O 17. Nxc5 Qa5 18. Qd4 Rd8 19. Rfe1 Bf5 20. Rbc1
Qxa2 21. Rcd1 Rab8 22. g4 Bc2 23. Rc1 Rxd5 24. Rxc2 Rb1 25. Nd3 Qxc2 26. Qxd5
Rd1 27. Qd8+ Kg7 28. Qd4+ f6 29. Qd7 Rxd3 30. Qxe7+ Kh6 31. Qxf6 Rd7 32. Qf8+
Kg5 33. Re5+ Kxg4 34. f3+ Kh3 35. Qh6# 1-0

[Event "24th ch-EUR Indiv w 2024"]
[Site "Rhodes GRE"]
[Date "2024.04.22"]
[Round "4.12"]
[White "Zimina, Olga"]
[Black "Kiolbasa, Oliwia"]
[Result "1/2-1/2"]
[WhiteTitle "IM"]
[BlackTitle "IM"]
[WhiteElo "2299"]
[BlackElo "2386"]
[WhiteFideId "4132190"]
[BlackFideId "1154613"]
[EventDate "2024.04.19"]

1. d4 Nf6 2. Nf3 e6 3. g3 c5 4. Bg2 cxd4 5. O-O d5 6. Bf4 Bd6 7. Bxd6 Qxd6 8.
Nxd4 O-O 9. Na3 Rd8 10. Nb3 Qe7 11. Qc1 e5 12. c4 Be6 13. cxd5 Bxd5 14. Qc5 1/2-1/2

[Event "24th ch-EUR Indiv w 2024"]
[Site "Rhodes GRE"]
[Date "2024.04.22"]
[Round "4.13"]
[White "Vega Gutierrez, Sabrina"]
[Black "Zherebtsova, Alexandra"]
[Result "1-0"]
[WhiteTitle "IM"]
[BlackTitle "WFM"]
[WhiteElo "2383"]
[BlackElo "2302"]
[WhiteFideId "2219026"]
[BlackFideId "24129518"]
[EventDate "2024.04.19"]

1. e4 e5 2. Nf3 Nc6 3. d4 exd4 4. Nxd4 Bb4+ 5. c3 Bc5 6. Be3 Bb6 7. Nf5 Bxe3 8.
Nxe3 d6 9. c4 Nge7 10. Bd3 O-O 11. O-O Nd4 12. Nc3 c5 13. f4 f5 14. Qd2 a6 15.
Rae1 Rb8 16. Ne2 Qb6 17. Nxd4 cxd4 18. Nd5 Nxd5 19. exd5 Bd7 20. Re7 Rf7 21.
Rxf7 Kxf7 22. b4 g6 23. Rc1 Rc8 24. h3 Qd8 25. c5 a5 26. cxd6 Rxc1+ 27. Qxc1 Qb6
28. Qc5 Qxb4 29. Qc7 Ke8 30. Qb8+ Kf7 31. Qh8 Qxd6 32. Qxh7+ Kf8 33. Qh8+ Kf7
34. Qxd4 b5 35. Be2 b4 36. Bc4 a4 37. h4 a3 38. Bb3 Kg8 39. Kh2 Kf7 40. Qe5 Qf6
41. Kg3 Qg7 42. Kf2 Qf6 43. Kg3 Qg7 44. d6+ Kf8 45. Kf2 Be8 46. Qxg7+ Kxg7 47.
Ke3 1-0

[Event "24th ch-EUR Indiv w 2024"]
[Site "Rhodes GRE"]
[Date "2024.04.22"]
[Round "4.14"]
[White "Daulyte-Cornette, Deimante"]
[Black "Hrebenshchykova, Yelyzaveta"]
[Result "1-0"]
[WhiteTitle "IM"]
[BlackTitle "WIM"]
[WhiteElo "2381"]
[BlackElo "2289"]
[WhiteFideId "12802859"]
[BlackFideId "14159899"]
[EventDate "2024.04.19"]

1. e4 c5 2. Nf3 e6 3. d4 cxd4 4. Nxd4 Nc6 5. Nc3 Qc7 6. Ncb5 Qb8 7. Bd3 Nf6 8.
O-O a6 9. Nxc6 bxc6 10. Nd4 e5 11. Nf5 d6 12. Qf3 Be6 13. c4 Bxf5 14. exf5 Qc7
15. Qg3 g6 16. Qh4 Bg7 17. Bg5 Qe7 18. Qh3 O-O 19. Rfe1 d5 20. Rac1 e4 21. cxd5
cxd5 22. Qh4 Qd6 23. Bf1 gxf5 24. Rc3 Ng4 25. Rh3 h6 26. Be7 Qg6 27. Bxf8 Bd4
28. Bxh6 Bxf2+ 29. Qxf2 Nxf2 30. Kxf2 Qb6+ 31. Ree3 f6 32. Ke1 Qxb2 33. Reg3+
Kf7 34. Rb3 Qa1+ 35. Kf2 Qxa2+ 36. Kg1 Qa5 37. Be3 f4 38. Bxf4 Qc5+ 39. Be3 d4
40. Bf4 e3 41. Rb7+ Ke6 42. Rc7 Qb6 43. Bc4+ Kf5 44. Bd3+ Ke6 45. Rh5 Rd8 46.
Bc4+ 1-0

[Event "24th ch-EUR Indiv w 2024"]
[Site "Rhodes GRE"]
[Date "2024.04.22"]
[Round "4.16"]
[White "Yao, Lan"]
[Black "Piddubna, Bozhena"]
[Result "0-1"]
[WhiteTitle "WGM"]
[BlackTitle "WCM"]
[WhiteElo "2370"]
[BlackElo "2005"]
[WhiteFideId "8610835"]
[BlackFideId "34109293"]
[EventDate "2024.04.19"]

1. e4 e5 2. Nf3 Nc6 3. Bb5 a6 4. Ba4 Nf6 5. O-O Be7 6. Re1 b5 7. Bb3 d6 8. c3
O-O 9. h3 Re8 10. a4 Bb7 11. d4 Bf8 12. Nbd2 h6 13. Bc2 Nb8 14. d5 c6 15. dxc6
Nxc6 16. b4 d5 17. exd5 Nxd5 18. Ne4 Nb6 19. axb5 axb5 20. Rxa8 Bxa8 21. Qe2 Na7
22. Rd1 Qe7 23. Bb3 Qb7 24. Nd6 Bxd6 25. Rxd6 Nc4 26. Rd4 Qa6 27. Rg4 Qa1 28.
Qe1 Bxf3 29. gxf3 g6 30. Kh2 h5 31. Rg1 Nc6 32. Qe4 Re6 33. Bxc4 bxc4 34. Qxc4
Qb1 35. b5 Ne7 36. Be3 Qb2 37. Re1 Nf5 38. Bc5 Nd4 39. Bxd4 exd4 40. Rxe6 Qxf2+
41. Kh1 Qxf3+ 42. Kg1 Qg3+ 43. Kf1 Qxh3+ 44. Ke1 fxe6 45. cxd4 Qe3+ 46. Kd1 h4
47. b6 h3 48. Qc8+ Kg7 49. Qc7+ Kf6 50. b7 h2 51. Qxh2 Qxd4+ 52. Qd2 Qa4+ 53.
Ke2 Qe4+ 54. Kf2 Qxb7 55. Qd8+ Kg7 56. Qd4+ Kf7 57. Qf4+ Kg8 58. Qg5 Qb2+ 59.
Kg3 Qc3+ 60. Kg2 Qc2+ 61. Kg1 Qd1+ 62. Kf2 Qd3 63. Qe7 Qf5+ 64. Kg3 Qf7 65. Qd6
Kh7 66. Qd8 e5 67. Qh4+ Kg7 68. Qg5 Qf6 69. Qd2 Qe7 70. Qd5 Qg5+ 71. Kh3 Qe3+
72. Kg2 Qd4 73. Qe6 Qe4+ 74. Kg3 Qf4+ 75. Kg2 e4 76. Qe7+ Kh6 77. Qe8 Kg5 78.
Qe7+ Kg4 79. Qe6+ Qf5 80. Qe8 Qf3+ 81. Kh2 Qf4+ 82. Kg2 g5 83. Qe6+ Qf5 84. Qe7
Kh4 85. Qd8 Qf3+ 86. Kh2 Qf2+ 87. Kh1 Qf1+ 88. Kh2 Qh3+ 89. Kg1 Qe3+ 90. Kg2
Qe2+ 91. Kh1 Qd3 92. Qh8+ Kg4 93. Qc8+ Kf4 94. Qf8+ Kg3 95. Qb8+ Kf3 96. Qf8+
Ke2 97. Qg7 Qf3+ 98. Kg1 Qf1+ 99. Kh2 Qf4+ 100. Kg2 Qg4+ 101. Kh2 Kf3 102. Qc3+
e3 103. Qc6+ Qe4 0-1

[Event "24th ch-EUR Indiv w 2024"]
[Site "Rhodes GRE"]
[Date "2024.04.22"]
[Round "4.17"]
[White "Osmak, Yuliia"]
[Black "Terbe, Julianna"]
[Result "0-1"]
[WhiteTitle "IM"]
[BlackTitle "WIM"]
[WhiteElo "2459"]
[BlackElo "2274"]
[WhiteFideId "14101602"]
[BlackFideId "708780"]
[EventDate "2024.04.19"]

1. c4 c6 2. d4 d5 3. cxd5 cxd5 4. Nc3 Nf6 5. Bf4 Nc6 6. e3 Bf5 7. Nf3 e6 8. Qb3
Qb6 9. Qxb6 axb6 10. Be2 Bb4 11. O-O Bxc3 12. bxc3 Rc8 13. Rfc1 h6 14. c4 dxc4
15. Rxc4 O-O 16. Rac1 Ra8 17. Bd6 Rfd8 18. Bc7 Rd7 19. Bxb6 Nd5 20. Bc5 b5 21.
R4c2 Bxc2 22. Rxc2 Ncb4 23. Rd2 Nxa2 24. Bxb5 Nac3 25. Bf1 Rc7 26. Ne5 Ra1 27.
g3 Rb7 28. Kg2 Ne4 29. Rc2 Rbb1 30. Bd3 Rg1+ 31. Kf3 Ng5+ 32. Kg4 Nf6+ 33. Kf4
Nd5+ 34. Kg4 f5+ 35. Kh5 Kh7 36. f4 Rxg3 37. hxg3 Rh1+ 0-1

[Event "24th ch-EUR Indiv w 2024"]
[Site "Rhodes GRE"]
[Date "2024.04.22"]
[Round "4.18"]
[White "Khotenashvili, Bella"]
[Black "Berend, Elvira"]
[Result "1/2-1/2"]
[WhiteTitle "GM"]
[BlackTitle "WGM"]
[WhiteElo "2454"]
[BlackElo "2260"]
[WhiteFideId "13602640"]
[BlackFideId "4000510"]
[EventDate "2024.04.19"]

1. d4 Nf6 2. c4 e6 3. Nf3 d5 4. g3 dxc4 5. Bg2 c5 6. O-O Nc6 7. Qa4 Bd7 8. Qxc4
b5 9. Qd3 c4 10. Qc2 Be7 11. Bg5 h6 12. Bxf6 Bxf6 13. Nc3 Rb8 14. Rfd1 O-O 15.
a3 Na5 16. e4 Nb3 17. Rab1 Qc8 18. e5 Be7 19. Qe4 a5 20. d5 exd5 21. Nxd5 Re8
22. Nd4 Nxd4 23. Qxd4 Bc5 24. Qf4 Bg4 25. Re1 Qf5 26. Be4 Qxf4 27. gxf4 Kf8 28.
Kg2 Red8 29. Kg3 Be6 30. Red1 Bxd5 31. Bxd5 Rd7 32. Kf3 Rbd8 33. Ke4 g6 34. a4
bxa4 35. Rbc1 f5+ 36. exf6 Re8+ 37. Kf3 Red8 38. Ke4 Re8+ 1/2-1/2

[Event "24th ch-EUR Indiv w 2024"]
[Site "Rhodes GRE"]
[Date "2024.04.22"]
[Round "4.19"]
[White "Batsiashvili, Nino"]
[Black "Velikic, Adela"]
[Result "1-0"]
[WhiteTitle "GM"]
[BlackTitle "WIM"]
[WhiteElo "2445"]
[BlackElo "2258"]
[WhiteFideId "13602993"]
[BlackFideId "913553"]
[EventDate "2024.04.19"]

1. d4 d5 2. c4 e6 3. Nc3 c6 4. e4 dxe4 5. Nxe4 Bb4+ 6. Bd2 Qxd4 7. Bxb4 Qxe4+ 8.
Be2 Na6 9. Ba5 b6 10. Qd6 Bd7 11. Rd1 O-O-O 12. Bc3 f6 13. Qa3 Kb7 14. Nf3 Nc7
15. Nd2 Qg6 16. O-O Nh6 17. c5 Nb5 18. Qb4 Nf5 19. a4 Nxc3 20. bxc3 Kc7 21.
cxb6+ axb6 22. Nc4 Rb8 23. Nxb6 Rhd8 24. Rb1 Qe8 25. Rfd1 Bc8 26. Na8+ 1-0

[Event "24th ch-EUR Indiv w 2024"]
[Site "Rhodes GRE"]
[Date "2024.04.22"]
[Round "4.20"]
[White "Socko, Monika"]
[Black "Hryzlova, Sofiia"]
[Result "0-1"]
[WhiteTitle "GM"]
[BlackTitle "WIM"]
[WhiteElo "2428"]
[BlackElo "2251"]
[WhiteFideId "1106619"]
[BlackFideId "14174669"]
[EventDate "2024.04.19"]

1. c4 e5 2. Nc3 Bb4 3. Qc2 Nf6 4. e3 O-O 5. Nge2 Re8 6. a3 Bf8 7. d4 d5 8. dxe5
Rxe5 9. cxd5 Bf5 10. Qd1 Na6 11. f4 Re8 12. Ng3 Bg4 13. Be2 Bxe2 14. Kxe2 c6 15.
dxc6 Qc7 16. Kf2 Nc5 17. Qf3 Nd3+ 18. Kf1 Bc5 19. b4 Bb6 20. Bd2 Rad8 21. Ra2
bxc6 22. Nf5 g6 23. Ng3 Qe7 24. Ke2 Qe6 25. Rb1 Qc4 26. Kd1 Bxe3 27. Nge2 Nxf4
28. Rbb2 Nxe2 29. Nxe2 Bxd2 30. Rxd2 Qxa2 0-1

[Event "24th ch-EUR Indiv w 2024"]
[Site "Rhodes GRE"]
[Date "2024.04.22"]
[Round "4.21"]
[White "Danielian, Elina"]
[Black "Levitan, Ronit"]
[Result "0-1"]
[WhiteTitle "GM"]
[BlackTitle "WFM"]
[WhiteElo "2397"]
[BlackElo "2187"]
[WhiteFideId "13300210"]
[BlackFideId "2815109"]
[EventDate "2024.04.19"]

1. Nf3 d5 2. g3 g6 3. c4 c6 4. Bg2 Bg7 5. cxd5 cxd5 6. d4 Nf6 7. Nc3 Nc6 8. Ne5
O-O 9. O-O Bf5 10. Nxc6 bxc6 11. Bf4 Nd7 12. Na4 e5 13. dxe5 Nxe5 14. Rc1 Rc8
15. b3 Qe7 16. Qd2 Nd7 17. Be3 Rfe8 18. Rfe1 Nf6 19. Nc5 Ne4 20. Nxe4 Bxe4 21.
Bc5 Qd7 22. Bf1 Bf5 23. Qa5 h5 24. Red1 Bb2 25. Rc4 dxc4 26. Rxd7 Bxd7 27. bxc4
Be6 28. h3 Bf6 29. Qa4 Red8 30. e3 Rb8 31. Bg2 Rb1+ 32. Kh2 Rd2 33. e4 Rbb2 34.
Qxa7 h4 35. Be3 Rdc2 36. Qc7 Rxa2 37. c5 Kh7 38. e5 Bg7 39. Be4 Re2 40. Qd8 Rxe3
41. Qxh4+ Kg8 42. Kg1 Re1+ 43. Kg2 Rxe4 0-1

[Event "24th ch-EUR Indiv w 2024"]
[Site "Rhodes GRE"]
[Date "2024.04.22"]
[Round "4.22"]
[White "Urh, Zala"]
[Black "Buksa, Nataliya"]
[Result "0-1"]
[WhiteTitle "WIM"]
[BlackTitle "IM"]
[WhiteElo "2263"]
[BlackElo "2394"]
[WhiteFideId "14611481"]
[BlackFideId "14123622"]
[EventDate "2024.04.19"]

1. d4 d5 2. c4 e6 3. Nf3 Nf6 4. g3 Be7 5. Bg2 O-O 6. O-O dxc4 7. Qc2 c6 8. Qxc4
b5 9. Qd3 Nbd7 10. Bg5 Bb7 11. Ne5 Nd5 12. Bxe7 Qxe7 13. Nxd7 Qxd7 14. Nd2 Nb4
15. Qc3 Nd5 16. Qb3 a5 17. Ne4 Ba6 18. Nc5 Qa7 19. f4 b4 20. Rf2 Rad8 21. Rd1
Bc4 22. Qf3 Bxa2 23. g4 a4 24. g5 Ne7 25. Qh3 Nf5 26. Be4 Bc4 27. Bxf5 exf5 28.
Qxf5 a3 29. b3 Rxd4 30. Rxd4 a2 31. Rd1 a1=Q 32. Rxa1 Qxa1+ 33. Kg2 Bd5+ 34. e4
Qd4 35. Rc2 g6 36. Qe5 Qd1 37. Rb2 Be6 38. h3 Bc8 39. f5 Qe1 40. Qg3 Qc1 41. Qe5
Qxg5+ 42. Kh2 Qd8 43. Rf2 Re8 44. Qf4 Qe7 45. fxg6 hxg6 46. Nd3 Be6 47. Ne5 c5
48. Rg2 Kg7 49. Nc6 Qf6 50. Qd6 Rh8 51. Qxc5 Rxh3+ 52. Kg1 Rc3 53. e5 Qf4 0-1

[Event "24th ch-EUR Indiv w 2024"]
[Site "Rhodes GRE"]
[Date "2024.04.22"]
[Round "4.24"]
[White "Toncheva, Nadya"]
[Black "Maltsevskaya, Aleksandra"]
[Result "0-1"]
[WhiteTitle "FM"]
[BlackTitle "IM"]
[WhiteElo "2258"]
[BlackElo "2393"]
[WhiteFideId "2924056"]
[BlackFideId "24174041"]
[EventDate "2024.04.19"]

1. e4 c6 2. d4 d5 3. Nc3 dxe4 4. Nxe4 Bf5 5. Ng3 Bg6 6. h4 h6 7. Nf3 e6 8. Ne5
Bh7 9. Bd3 Bxd3 10. Qxd3 Nd7 11. f4 Be7 12. Bd2 Nxe5 13. fxe5 Bxh4 14. O-O-O
Bxg3 15. Qxg3 Ne7 16. Qxg7 Rg8 17. Qh7 Rxg2 18. Bxh6 Qd5 19. Kb1 O-O-O 20. Qxf7
Rd7 21. Bc1 Qe4 22. Rd3 Rxc2 23. Rh8+ Kc7 24. Kxc2 Nf5 25. Qxd7+ Kxd7 26. Kc3 a5
27. Bd2 b5 28. Rh7+ Kc8 29. Rh8+ Kb7 30. Rh7+ Ka6 31. Rd7 c5 32. a3 Qc6 0-1

[Event "24th ch-EUR Indiv w 2024"]
[Site "Rhodes GRE"]
[Date "2024.04.22"]
[Round "4.25"]
[White "Krasteva, Beloslava"]
[Black "Hoang, Thanh Trang"]
[Result "1-0"]
[WhiteTitle "FM"]
[BlackTitle "GM"]
[WhiteElo "2220"]
[BlackElo "2382"]
[WhiteFideId "2922029"]
[BlackFideId "12400149"]
[EventDate "2024.04.19"]

1. d4 d5 2. c4 e6 3. Nc3 a6 4. cxd5 exd5 5. Nf3 Nf6 6. Bg5 Be6 7. e3 Nbd7 8. Bd3
Bd6 9. h3 h6 10. Bf4 Qe7 11. O-O O-O 12. Re1 c5 13. Bxd6 Qxd6 14. dxc5 Nxc5 15.
Rc1 Rac8 16. Bb1 Qb6 17. Qd4 Rfe8 18. Ne2 Qb5 19. Nf4 a5 20. Bc2 b6 21. Ne5 Re7
22. Bd3 Qe8 23. Nf3 Rec7 24. Rcd1 Nxd3 25. Qxd3 Qa4 26. Nd4 Bd7 27. a3 Qc4 28.
Qb1 Qc5 29. Nd3 Qe7 30. Rc1 Rc4 31. Nf4 Qe5 32. Nfe2 Ne4 33. Nf3 Qe7 34. Qd3 Qc5
35. Rxc4 Qxc4 36. Qd4 Qb5 37. Nf4 Nf6 38. Qd2 Qc5 39. Nd4 Qc4 40. Qe2 Qxe2 41.
Nfxe2 Kf8 42. f3 Ke7 43. Nc3 g6 44. g4 Rc5 45. Kf2 Rc4 46. h4 g5 47. h5 Be6 48.
Rd1 Ne8 49. Kg3 Nc7 50. Rd3 a4 51. f4 f6 52. Kf3 Bd7 53. Nce2 Ne8 54. b3 axb3
55. Rxb3 Ra4 56. Nc3 Ra5 57. Rxb6 Nd6 58. Nb3 Rxa3 59. Nxd5+ Ke6 60. Nc7+ Ke7
61. Nd5+ Ke6 62. Nc7+ Ke7 63. f5 Nc8 64. Rb4 Bc6+ 65. Kf2 Ra2+ 66. Kg3 Nd6 67.
Nc5 Rg2+ 68. Kh3 Re2 69. Rb3 Nc4 70. Nb5 Nxe3 71. Nd4 Bg2+ 72. Kh2 Nxg4+ 73. Kg3
Re3+ 74. Kxg2 Rxb3 75. Ncxb3 Kd6 76. Kf3 Ne5+ 77. Ke4 Nf7 78. Ne6 Ke7 79. Nbd4
Nd6+ 80. Kd5 Nf7 81. Nc6+ Kd7 82. Nf8+ Kc7 83. Nd4 g4 84. Ke4 Kd6 85. Ng6 Kc5
86. Ne6+ Kc4 87. Kf4 Kd5 88. Kxg4 Ke4 89. Nc5+ Ke3 90. Nd7 1-0

[Event "24th ch-EUR Indiv w 2024"]
[Site "Rhodes GRE"]
[Date "2024.04.22"]
[Round "4.26"]
[White "Nilssen, Ellen Fredericia"]
[Black "Balajayeva, Khanim"]
[Result "1/2-1/2"]
[WhiteTitle "WFM"]
[BlackTitle "IM"]
[WhiteElo "2195"]
[BlackElo "2371"]
[WhiteFideId "1441230"]
[BlackFideId "13406396"]
[EventDate "2024.04.19"]

1. e4 e5 2. Nf3 Nc6 3. Bc4 Nf6 4. Ng5 d5 5. exd5 Na5 6. Bb5+ c6 7. dxc6 bxc6 8.
Bd3 Nd5 9. Nf3 Bd6 10. O-O Nf4 11. Nc3 Nxd3 12. cxd3 O-O 13. Ne4 Bc7 14. Nc5 Nb7
15. Qc2 Nxc5 16. Qxc5 Ba6 17. b3 e4 18. Ne5 Re8 19. Bb2 Bxe5 20. Bxe5 Bxd3 21.
Rfe1 Re6 22. Bb2 Qd7 23. Re3 Rd8 24. Bc3 a6 25. Rae1 Qd5 26. Qa7 Rg6 27. Qe7 h6
28. Rg3 Rdd6 29. Ree3 Qe6 1/2-1/2

[Event "24th ch-EUR Indiv w 2024"]
[Site "Rhodes GRE"]
[Date "2024.04.22"]
[Round "4.27"]
[White "Mkrtchian, Lilit"]
[Black "Allahverdiyeva, Ayan"]
[Result "1/2-1/2"]
[WhiteTitle "IM"]
[BlackTitle "WIM"]
[WhiteElo "2366"]
[BlackElo "2152"]
[WhiteFideId "13300601"]
[BlackFideId "13412590"]
[EventDate "2024.04.19"]

1. Nf3 Nf6 2. g3 b6 3. Bg2 Bb7 4. O-O c5 5. c4 g6 6. b3 Bg7 7. Bb2 O-O 8. d4
cxd4 9. Qxd4 d6 10. Rd1 Nbd7 11. Qd2 Rc8 12. Nc3 Rc5 13. Qe1 Qa8 14. Qf1 Ne4 15.
Nxe4 Bxe4 16. Bxg7 1/2-1/2

[Event "24th ch-EUR Indiv w 2024"]
[Site "Rhodes GRE"]
[Date "2024.04.22"]
[Round "4.28"]
[White "Ibrahimova, Sabina"]
[Black "Matnadze Bujiashvili, Ann"]
[Result "1/2-1/2"]
[WhiteTitle "WIM"]
[BlackTitle "IM"]
[WhiteElo "2175"]
[BlackElo "2365"]
[WhiteFideId "13403893"]
[BlackFideId "13601377"]
[EventDate "2024.04.19"]

1. c4 c5 2. Nf3 Nf6 3. Nc3 Nc6 4. d4 cxd4 5. Nxd4 d6 6. e4 Nxd4 7. Qxd4 e5 8.
Qd3 Be7 9. Be2 O-O 10. O-O Be6 11. Be3 Rc8 12. b3 a6 13. Rac1 h6 14. Rfd1 Qa5
15. Bd2 Qb6 16. Be3 Qa5 17. Bd2 Qb6 18. Be3 1/2-1/2

[Event "24th ch-EUR Indiv w 2024"]
[Site "Rhodes GRE"]
[Date "2024.04.22"]
[Round "4.29"]
[White "Guichard, Pauline"]
[Black "Manakova, Maria"]
[Result "1/2-1/2"]
[WhiteTitle "IM"]
[BlackTitle "WGM"]
[WhiteElo "2362"]
[BlackElo "2148"]
[WhiteFideId "639370"]
[BlackFideId "927007"]
[EventDate "2024.04.19"]

1. d4 Nf6 2. c4 g6 3. Nc3 d5 4. cxd5 Nxd5 5. Bd2 Nb6 6. e3 Bg7 7. h4 e5 8. dxe5
Bxe5 9. h5 Nc6 10. Nf3 Bg7 11. h6 Bf6 12. Ne4 Bxb2 13. Qb1 Bf6 14. Nxf6+ Qxf6
15. Qc1 Nd5 16. Bc4 Ne5 17. Nxe5 Qxe5 18. Bxd5 Qxd5 19. Qxc7 O-O 20. Qc3 f6 21.
O-O Be6 22. Qb2 Rf7 23. Bc3 Qg5 24. f4 Qf5 25. Bd4 Bd5 26. Rac1 Bc6 27. Rc5 Qe4
28. Rf3 Raf8 29. Rg3 a6 30. a3 Bd5 31. a4 Qe6 32. a5 Be4 33. Kh2 Rd8 34. Qc1 Bc6
35. f5 Qe4 36. Qb2 Rdf8 37. Qa2 Kh8 38. fxg6 hxg6 39. Rcg5 Kh7 40. R5g4 Qf5 41.
Rf4 Qh5+ 42. Kg1 Qd1+ 43. Rf1 Qd3 44. Qb2 Qb5 45. Qc2 Qh5 46. Qc3 Qh4 47. Rh3
Qg4 48. Qb2 Qg5 49. Qa2 Qd5 50. Qd2 Qg5 51. Kh2 Rd8 52. Rf4 Rd5 53. Qf2 Rf5 54.
Rhh4 Rxf4 55. Rxf4 Qh5+ 56. Kg1 Qd1+ 57. Kh2 Qh5+ 58. Kg1 Qd1+ 59. Qf1 Qxf1+ 60.
Rxf1 Kxh6 61. Bxf6 Rd7 62. Bd4 Rd5 63. Ra1 Kh5 64. Ra2 Kg4 65. Bb6 Rg5 66. Rf2
Rf5 67. Rc2 Re5 68. Rc4+ Re4 69. Rc5 Re8 70. Rc2 Re5 71. Rc4+ Re4 72. Bd4 Kg3
73. Rc5 Kg4 74. Kf2 Re6 75. Bg7 g5 76. Bb2 Be4 77. Rc4 Kf5 78. Bh8 Kg4 79. Ba1
Kf5 80. Rb4 Kg4 81. Rd4 Rf6+ 82. Ke2 Re6 83. Kf2 Rf6+ 84. Kg1 Re6 85. Bb2 Kg3
86. Rd2 Bc6 87. Bd4 Be4 88. Bc5 Kg4 89. Bd6 Kf5 90. Kf2 Rf6 91. Kg3 Ke6 92. Kg4
Bxg2 93. Rxg2 Kxd6 94. Kxg5 Rf3 95. Re2 Ke5 96. Rb2 Rg3+ 97. Kh4 Rg7 98. Rb4 Kf5
99. Kh3 Ke5 100. Rd4 Kf5 101. Rf4+ Ke6 102. Rg4 Rh7+ 103. Kg3 Rh5 104. Rb4 Rxa5
105. Rxb7 Ke5 1/2-1/2

[Event "24th ch-EUR Indiv w 2024"]
[Site "Rhodes GRE"]
[Date "2024.04.22"]
[Round "4.30"]
[White "Markantonaki, Haritomeni"]
[Black "Gaal, Zsoka"]
[Result "1/2-1/2"]
[WhiteTitle "WFM"]
[BlackTitle "WIM"]
[WhiteElo "2167"]
[BlackElo "2356"]
[WhiteFideId "4207050"]
[BlackFideId "777765"]
[EventDate "2024.04.19"]

1. e4 c6 2. d4 d5 3. Nd2 dxe4 4. Nxe4 Bf5 5. Qf3 e6 6. Ne2 Nd7 7. N2g3 Bxe4 8.
Nxe4 Ngf6 9. Bd3 Nxe4 10. Qxe4 Nf6 11. Qh4 Nd5 12. Qxd8+ Rxd8 13. a3 Be7 14. O-O
Bf6 15. c3 O-O 16. Be4 Rfe8 17. f4 h5 18. Kf2 g6 19. Be3 Be7 20. Rfd1 Kg7 21.
Kf3 Rd7 22. Bf2 Red8 23. g3 Rh8 24. Bc2 Nf6 25. h3 Bd6 26. Be1 Bc7 27. b4 Rhd8
28. Bb3 a5 29. Bd2 Ra8 30. Be3 Nd5 31. c4 Nxe3 32. Kxe3 Bb6 33. Ra2 Bd8 34. b5
cxb5 35. cxb5 Bb6 36. Rc2 Rad8 37. Rcd2 Rd6 38. a4 h4 39. g4 f6 40. Kf3 Bxd4 41.
Bxe6 1/2-1/2

[Event "24th ch-EUR Indiv w 2024"]
[Site "Rhodes GRE"]
[Date "2024.04.22"]
[Round "4.31"]
[White "Mammadova, Gulnar"]
[Black "Deak-Sala, Emilia"]
[Result "1-0"]
[WhiteTitle "IM"]
[WhiteElo "2352"]
[BlackElo "2053"]
[WhiteFideId "13403508"]
[BlackFideId "795615"]
[EventDate "2024.04.19"]

1. e4 c5 2. Nf3 Nc6 3. Bb5 g6 4. O-O Bg7 5. d3 Nf6 6. Nc3 O-O 7. e5 Ne8 8. Bxc6
dxc6 9. h3 Nc7 10. a4 a5 11. b3 Ne6 12. Bb2 Nd4 13. Ne4 b6 14. Re1 h6 15. Rb1
Be6 16. Ned2 Qd7 17. Re4 f5 18. exf6 Bxf6 19. Bxd4 cxd4 20. Nc4 Bxc4 21. bxc4
Rab8 22. Ne5 Bxe5 23. Rxe5 Rf5 24. Qg4 Kf7 25. Rxf5+ gxf5 26. Qf4 Qd6 27. Qxf5+
Qf6 28. Qh5+ Qg6 29. Qe5 Rg8 30. Qf4+ Ke8 31. g3 c5 32. Qc7 Kf7 33. Rxb6 1-0

[Event "24th ch-EUR Indiv w 2024"]
[Site "Rhodes GRE"]
[Date "2024.04.22"]
[Round "4.32"]
[White "Rodriguez Redondo, Adhara"]
[Black "Gaponenko, Inna"]
[Result "1/2-1/2"]
[WhiteTitle "WFM"]
[BlackTitle "IM"]
[WhiteElo "2152"]
[BlackElo "2332"]
[WhiteFideId "32065698"]
[BlackFideId "14101181"]
[EventDate "2024.04.19"]

1. e4 e5 2. Nf3 Nf6 3. Nxe5 d6 4. Nf3 Nxe4 5. d3 Nf6 6. d4 g6 7. Bd3 Bg7 8. O-O
O-O 9. h3 Nc6 10. c3 Ne7 11. Re1 Bf5 12. Bxf5 Nxf5 13. Bg5 Re8 14. Rxe8+ Qxe8
15. Bxf6 Bxf6 16. Nbd2 c5 17. dxc5 dxc5 18. Qb3 Qc6 19. Re1 Nd6 20. Ne5 Bxe5 21.
Rxe5 Re8 22. Rxe8+ 1/2-1/2

[Event "24th ch-EUR Indiv w 2024"]
[Site "Rhodes GRE"]
[Date "2024.04.22"]
[Round "4.33"]
[White "Savina, Anastasia"]
[Black "Sivanandan, Bodhana"]
[Result "1-0"]
[WhiteTitle "IM"]
[BlackTitle "WCM"]
[WhiteElo "2330"]
[BlackElo "2065"]
[WhiteFideId "4196872"]
[BlackFideId "497592"]
[EventDate "2024.04.19"]

1. d4 d5 2. c4 c6 3. Nf3 Nf6 4. Nc3 e6 5. Bg5 Nbd7 6. e3 Qa5 7. cxd5 Nxd5 8. Qd2
Bb4 9. Rc1 Nxc3 10. bxc3 Ba3 11. Rb1 b6 12. Qd3 O-O 13. Be2 Re8 14. O-O h6 15.
Bh4 Bf8 16. Nd2 e5 17. Rfd1 exd4 18. cxd4 Bb7 19. Nc4 Qd5 20. Bf3 Qe6 21. Na5
bxa5 22. Rxb7 Nb6 23. Qb3 Qxb3 24. axb3 c5 25. dxc5 Bxc5 26. h3 Bb4 27. Rc1 Rac8
28. Rxc8 Nxc8 29. Bc6 Rf8 30. e4 Bc5 31. e5 g5 32. Bg3 Rd8 33. Bd7 Nb6 34. e6
Nxd7 35. Rxd7 Rxd7 36. exd7 Bb6 37. Bd6 Bd8 38. g4 f6 39. f4 gxf4 40. Bxf4 Kf7
41. Bxh6 Ke6 42. Kf2 Kxd7 43. Kf3 Ke6 44. Ke4 Bc7 45. h4 Bd8 46. h5 Be7 47. Be3
a6 48. h6 Kf7 49. Kf5 Bb4 50. Bc1 Bc3 51. Be3 Bb4 52. Bd4 Bd2 53. Bxf6 Bxh6 54.
Bc3 a4 55. bxa4 Be3 56. Bf6 Ke8 57. Ke6 Bf4 58. g5 a5 59. Be7 Bd2 60. g6 Bh6 61.
Bd6 Bg7 62. Bc7 Kf8 63. Bxa5 Bd4 64. Bc7 Ba7 65. a5 Kg7 66. Kf5 Kf8 67. Bb6 Bb8
68. a6 Kg8 69. a7 Bxa7 70. Bxa7 Kg7 71. Bd4+ Kg8 72. Kf6 Kf8 73. g7+ Kg8 74. Bc3
Kh7 75. Kf7 Kh6 76. g8=Q Kh5 77. Bf6 Kh6 78. Qg6# 1-0

[Event "24th ch-EUR Indiv w 2024"]
[Site "Rhodes GRE"]
[Date "2024.04.22"]
[Round "4.34"]
[White "Walter, Ema"]
[Black "Zhukova, Natalia"]
[Result "0-1"]
[WhiteTitle "WFM"]
[BlackTitle "GM"]
[WhiteElo "2120"]
[BlackElo "2301"]
[WhiteFideId "14960710"]
[BlackFideId "14101513"]
[EventDate "2024.04.19"]

1. e4 e6 2. d4 d5 3. Nc3 Nf6 4. e5 Nfd7 5. f4 c5 6. Nf3 Nc6 7. Be3 a6 8. Ne2 Qb6
9. Qc1 Be7 10. h4 O-O 11. c3 f6 12. h5 h6 13. Rh3 Rf7 14. g4 cxd4 15. cxd4 fxe5
16. fxe5 Ndxe5 17. Nxe5 Nxe5 18. dxe5 Bb4+ 19. Nc3 d4 20. Qd2 dxe3 21. Rxe3 Be7
22. Ne4 Bh4+ 23. Ng3 Bg5 0-1